| 000 | 00569nam a22001937a 4500 | ||
|---|---|---|---|
| 003 | KOHA_MİRAKIL | ||
| 005 | 20251209113119.0 | ||
| 008 | 251209b tu ||||| |||| 00| 0 tur d | ||
| 020 | _a9786056903885 | ||
| 040 |
_aTR-AnABB _btur _cTR-AnABB |
||
| 041 | _atur | ||
| 082 |
_a385.0956 _bGUL 2023 |
||
| 100 | 1 | _aGüler, Banu Mertyürek, | |
| 245 | 1 | 0 | _aRayların anlattığı / |
| 260 |
_aAnkara : _bTürkiye İnşaat Sanayicileri İşveren Sendikası, _c2023 |
||
| 300 |
_a414 sayfa ; _c30 cm |
||
| 650 | 0 | 4 | _aDemiryolu taşımacılığı |
| 942 |
_2ddc _cBK |
||
| 999 |
_c9729 _d9729 |
||
| 900 | _bGizem YORULMAZ | ||